| 000 | 00589nam a2200205Ia 4500 | ||
|---|---|---|---|
| 003 | OSt | ||
| 005 | 20230603101520.0 | ||
| 008 | 210423s2003 xx 000 0 und d | ||
| 040 | _cAL | ||
| 041 | _aeng | ||
| 082 |
_a305.231 _223 _bMUNC |
||
| 100 |
_aMUNCK (Lise) _9119124 |
||
| 245 | _aChildren and residential care: alternative stratergy | ||
| 260 |
_aStockhalam _bInternational conference _c2003 |
||
| 365 | _cINR | ||
| 650 |
_aSocial Groups _9119125 |
||
| 650 |
_aSocial Sciences _9119126 |
||
| 906 | _aalternative ; care: ; Children ; residential ; stratergy | ||
| 942 |
_2ddc _cBK |
||
| 999 |
_c174817 _d174817 |
||